Roaring Rockets / (Record no. 8909)

MARC details
000 -LEADER
fixed length control field 00892nam a22002897a 4500
001 - CONTROL NUMBER
control field 8909
003 - CONTROL NUMBER IDENTIFIER
control field FISKH
005 - DATE AND TIME OF LATEST TRANSACTION
control field 20251031101758.0
008 - FIXED-LENGTH DATA ELEMENTS--GENERAL INFORMATION
fixed length control field 251031b cb ||||| |||| 00| 0 eng d
020 ## - INTERNATIONAL STANDARD BOOK NUMBER
International Standard Book Number 9780753441565
040 ## - CATALOGING SOURCE
Original cataloging agency FISKH
Language of cataloging eng
Transcribing agency FISKH
Modifying agency FISKH
050 ## - LIBRARY OF CONGRESS CALL NUMBER
Classification number TL782 .M53
082 ## - DEWEY DECIMAL CLASSIFICATION NUMBER
Classification number 629.475
100 ## - MAIN ENTRY--PERSONAL NAME
Personal name Mitton, Tony
245 ## - TITLE STATEMENT
Title Roaring Rockets /
Statement of responsibility, etc. Tony Mitton ; Ant Parker
250 ## - EDITION STATEMENT
Edition statement This edition published in 2017.
260 ## - PUBLICATION, DISTRIBUTION, ETC.
Place of publication, distribution, etc. London :
Name of publisher, distributor, etc. Peter Clayman,
Date of publication, distribution, etc. 1997
300 ## - PHYSICAL DESCRIPTION
Extent 10 unnumbered pages :
Other physical details color illustrations ;
Dimensions 16 cm
505 ## - FORMATTED CONTENTS NOTE
Formatted contents note E<br/>
520 ## - SUMMARY, ETC.
Summary, etc. A simple explanation of how space rockets work, where they travel, and what they do.
521 8# - TARGET AUDIENCE NOTE
Target audience note 160<br/>
Source Lexile estimate<br/>
521 8# - TARGET AUDIENCE NOTE
Target audience note E<br/>
Source Raz-Plus<br/>
650 ## - SUBJECT ADDED ENTRY--TOPICAL TERM
Topical term or geographic name entry element Transportation
Form subdivision Picture book
General subdivision Astronauts
700 ## - ADDED ENTRY--PERSONAL NAME
Personal name Parker, Ant
Relator term Author
942 ## - ADDED ENTRY ELEMENTS (KOHA)
Source of classification or shelving scheme Dewey Decimal Classification
Koha item type Books
Suppress in OPAC No
Holdings
Withdrawn status Lost status Source of classification or shelving scheme Damaged status Not for loan Collection Home library Current library Shelving location Date acquired Total Checkouts Full call number Barcode Date last seen Copy number Price effective from Koha item type
    Dewey Decimal Classification     Non-Fiction Footprints International School Library Network Toul Tom Poung Campus Footprints International School Library Network Toul Tom Poung Campus TTP Primary Green Bookshelves 11/05/2025   MIT 629.475 TL782 .M53 2025-4771 10/31/2025 1 10/31/2025 Books